Du coq à l'âne n°2 - Statistiques

Statistiques générales
  • Ce quiz a été pris 143 fois
  • Le résultat moyen est 5 sur 9
Statistiques - réponses
Indice Réponses % Correct
Coq dans le Roman de Renart et dans une pièce de théâtre de Rostand Chanteclerc
96%
Fruit portant également ce nom Pomme
81%
Son slogan électoral invitait à en manger Jacques Chirac
72%
Animal qu'il serait difficile de faire cohabiter avec un chien Chat
45%
Il est le premier à vivre ce genre de coexistence politique dans la V République Cohabitation
45%
Symbole de ce parti Ane
44%
Parti politique de Joe Biden Démocrate
41%
Président récemment élu dans ce pays Joe Biden
41%
Pays avec le plus de chats Etats-Unis
40%
Aucun quiz correspondant
Distribution des résultats
% des personnes avec chaque résultat
Percentile par nombre de réponses
Votre historique - résultats
Vous n’avez pas pris ce quiz